000
00316nam a2200109Ia 4500
008
200302s9999 xx 000 0 und d
100
_a
Luis M. Alves Dias
245
_a
Implementation of Safety and Health on Construction Sites
260
_b
A . A. Balkema / Rotterdam / Brookfield
260
_c
1996
300
_a
601 P.,
999
_c
5589
_d
5589